00625nam a2200193Ia 4500003000900000008004100009020001800050040001600068080001600084100002400100245015500124260004500279300002300324650001900347650001200366650002200378700001800400700001300418IN-BaIIA211028s9999 xx 000 0 eng d a81-85015-84-8 cIIA Library a53bFEY-III aFeynman, Richard P. 4aThe Feynman lectures on physicsbvol. III, quantum mechanicsc R. P. Feynman, R B Leighton and M Sands  aNew DelhibNarosa Publishing Housec1988 a[various pagings.] aNASA Thesaurus aPhysics aQuantum mechanics aLeighton, R B aSands, M